[Event "Konakovo Rating 8th"]
[Site "Konakovo"]
[Date "2013.07.19"]
[Round "11"]
[White "Dyachkov, Oleg"]
[Black "Shapkin, Anatoliy"]
[Result "0-1"]
[WhiteElo "1800"]
[BlackElo "2067"]
[PlyCount "96"]
[EventDate "2013.07.06"]
[EventType "tourn"]
[EventRounds "11"]
[EventCountry "RUS"]
[SourceTitle "EXT 2014"]
[Source "ChessBase"]
[SourceDate "2013.11.20"]
[SourceVersion "1"]
[SourceVersionDate "2013.11.20"]
[SourceQuality "1"]

1. e4 c5 2. Nf3 d6 3. c3 Nf6 4. Bb5+ Nbd7 5. Qe2 a6 6. Ba4 b5 7. Bc2 Bb7 8. 0-0 g6 9. d4 Bg7 10. Nbd2 0-0 11. Re1 Re8 12. Nf1 e5 13. dxe5 Nxe5 14. Nxe5 Rxe5 15. Bf4 Re6 16. f3 d5 17. Rad1 Qb6 18. Ng3 Rae8 19. Qf2 dxe4 20. Bxe4 Nxe4 21. Nxe4 Bxe4 22. Rxe4 Rxe4 23. fxe4 Qc6 24. Qe2 h5 25. Re1 Qe6 26. a3 Be5 27. Be3 Bd6 28. Qf2 Qxe4 29. Bd2 Qc6 30. Rxe8+ Qxe8 31. Qf6 Qe5 32. Qxe5 Bxe5 33. h3 f6 34. b3 c4 35. bxc4 bxc4 36. Kf2 Kf7 37. g4 hxg4 38. hxg4 Ke6 39. Kf3 f5 40. a4 Kd5 41. gxf5 gxf5 42. Be1 Kc6 43. Ke2 Kb6 44. Kd2 Ka5 45. Kc2 Kxa4 46. Bf2 Kb5 47. Kb2 Bd6 48. Be3 f4 0-1

[Event "Konakovo Rating 8th"]
[Site "Konakovo"]
[Date "2013.07.15"]
[Round "2"]
[White "Dyachkov, Oleg"]
[Black "Kasyanov, Vasiliy"]
[Result "1/2-1/2"]
[WhiteElo "1800"]
[BlackElo "2106"]
[PlyCount "81"]
[EventDate "2013.07.06"]
[EventType "tourn"]
[EventRounds "11"]
[EventCountry "RUS"]
[SourceTitle "EXT 2014"]
[Source "ChessBase"]
[SourceDate "2013.11.20"]
[SourceVersion "1"]
[SourceVersionDate "2013.11.20"]
[SourceQuality "1"]

1. e4 c5 2. Nf3 d6 3. c3 Nf6 4. Bb5+ Nc6 5. Qe2 Bd7 6. d4 cxd4 7. cxd4 g6 8. 0-0 a6 9. Bc4 b5 10. Bb3 Bg7 11. e5 dxe5 12. dxe5 Ng4 13. e6 fxe6 14. Bxe6 Bxe6 15. Qxe6 Qd7 16. Qxd7+ Kxd7 17. Nbd2 Nge5 18. Nxe5+ Nxe5 19. Rb1 Rac8 20. Nb3 Nc4 21. Rd1+ Ke8 22. Nd2 Kf7 23. Kf1 Rhd8 24. Ke2 Ne5 25. Ne4 Rxd1 26. Kxd1 Nd3 27. f3 h6 28. a3 Rd8 29. Nd2 h5 30. g3 h4 31. Ne4 Nxb2+ 32. Ke2 Nd3 33. Be3 hxg3 34. hxg3 Ne5 35. Nc5 Rd6 36. a4 Nc4 37. Ne4 Rd5 38. axb5 axb5 39. Bc5 Nd6 40. Bxd6 exd6 41. Rxb5 1/2-1/2

[Event "Konakovo Chervonny op"]
[Site "Konakovo"]
[Date "2012.09.23"]
[Round "7"]
[White "Sepp, Yuri"]
[Black "Dyachkov, Oleg"]
[Result "1-0"]
[WhiteElo "1957"]
[BlackElo "1803"]
[PlyCount "105"]
[EventDate "2012.09.20"]
[EventType "swiss"]
[EventRounds "7"]
[EventCountry "RUS"]
[SourceTitle "CBM 150 Extra"]
[Source "ChessBase"]
[SourceDate "2012.10.19"]
[SourceVersion "1"]
[SourceVersionDate "2012.10.19"]
[SourceQuality "1"]

1. e4 c5 2. Nf3 d6 3. d4 cxd4 4. Nxd4 Nf6 5. f3 a6 6. c4 e6 7. Nc3 Be7 8. Be3 Bd7 9. Qd2 Nc6 10. Be2 Qc7 11. Rc1 Rc8 12. 0-0 0-0 13. a3 Nxd4 14. Bxd4 Bc6 15. Nd5 Bxd5 16. cxd5 Qd7 17. dxe6 Qxe6 18. Rc3 Rxc3 19. Bxc3 h6 20. Rd1 Rd8 21. Qd4 d5 22. e5 Ne8 23. f4 f6 24. Ba5 Rc8 25. Qxd5 Qxd5 26. Rxd5 Rc1+ 27. Kf2 Rc2 28. Bc3 Bxa3 29. exf6 gxf6 30. Rd8 Kf8 31. Bxf6 Be7 32. Bxe7+ Kxe7 33. Rb8 Rxb2 34. Ke3 a5 35. g4 Nf6 36. Bf3 b6 37. g5 hxg5 38. fxg5 Nd7 39. Rb7 Kd6 40. g6 Nf6 41. h4 Ke6 42. h5 Ng8 43. Kf4 a4 44. Bg4+ Kd6 45. Rb8 Rb4+ 46. Kg5 Rb5+ 47. Kf4 Nf6 48. h6 Rb4+ 49. Kf5 Nxg4 50. h7 Ne3+ 51. Kg5 Rg4+ 52. Kh5 Rg2 53. g7 1-0

[Event "Moscow op-E"]
[Site "Moscow"]
[Date "2011.02.03"]
[Round "6.3"]
[White "Matyushin, Lev"]
[Black "Dyachkov, Oleg"]
[Result "0-1"]
[WhiteElo "1803"]
[BlackElo "1812"]
[PlyCount "86"]
[EventDate "2011.01.29"]
[EventType "swiss"]
[EventRounds "9"]
[EventCountry "RUS"]
[SourceTitle "EXT 2022"]
[Source "ChessBase"]
[SourceDate "2021.10.06"]
[SourceVersion "1"]
[SourceVersionDate "2021.10.06"]
[SourceQuality "1"]

1. Nf3 b6 2. e4 Bb7 3. Nc3 e6 4. d4 Bb4 5. Bd3 Bxc3+ 6. bxc3 Ne7 7. Qe2 d6 8. 0-0 0-0 9. h4 h6 10. h5 Nd7 11. e5 dxe5 12. dxe5 Nc5 13. Re1 Nd5 14. Bd2 Nxd3 15. cxd3 c5 16. a3 Qc7 17. Rac1 Rad8 18. d4 c4 19. Nh2 f5 20. a4 Qc6 21. f3 a6 22. Ra1 f4 23. Kf2 Rf5 24. g4 fxg3+ 25. Kxg3 Rxh5 26. Qg2 Rf8 27. Re2 Qe8 28. Re4 Qf7 29. Rg1 Kh7 30. Rg4 Ne7 31. Kf2 g6 32. Rf4 Rf5 33. Rh4 h5 34. Ng4 Bxf3 35. Nf6+ Rxf6 36. Qg5 Rf5 37. Qh6+ Kg8 38. Bg5 Bg4+ 39. Ke3 Rf2 40. Bf6 Re2+ 41. Kf4 Nd5+ 42. Kg3 Nxf6 43. Rf1 Ne4# 0-1

[Event "Moscow op-E"]
[Site "Moscow"]
[Date "2011.01.31"]
[Round "3.222"]
[White "Smagin, Nikita"]
[Black "Dyachkov, Oleg"]
[Result "1-0"]
[WhiteElo "2003"]
[BlackElo "1812"]
[PlyCount "101"]
[EventDate "2011.01.29"]
[EventType "swiss"]
[EventRounds "9"]
[EventCountry "RUS"]
[SourceTitle "EXT 2022"]
[Source "ChessBase"]
[SourceDate "2021.10.06"]
[SourceVersion "1"]
[SourceVersionDate "2021.10.06"]
[SourceQuality "1"]

1. e4 c5 2. Nf3 d6 3. d4 cxd4 4. Nxd4 Nf6 5. Nc3 a6 6. Be3 e6 7. f3 Be7 8. Qd2 Qc7 9. 0-0-0 Nbd7 10. g4 0-0 11. g5 Nh5 12. f4 g6 13. f5 Ne5 14. f6 Bd8 15. Nb3 b5 16. Qxd6 Qxd6 17. Rxd6 Bc7 18. Rd1 Ng4 19. Bc5 Bf4+ 20. Kb1 Re8 21. Be2 Ne3 22. Rd3 Nc4 23. Rhd1 Bb7 24. Rh3 Rad8 25. Be7 Rxd1+ 26. Bxd1 Nd2+ 27. Nxd2 Bxd2 28. Bxh5 gxh5 29. e5 Rc8 30. Rd3 Bxc3 31. Rxc3 Rxc3 32. bxc3 Bd5 33. h4 h6 34. gxh6 Kh7 35. Bf8 Kg8 36. a3 Be4 37. Bc5 Kh7 38. Be3 Kg8 39. Kb2 Bd5 40. a4 bxa4 41. Ka3 Be4 42. Kxa4 Bxc2+ 43. Ka5 Bd3 44. Bd2 Kf8 45. c4 Ke8 46. Kb6 Kd7 47. c5 Kc8 48. c6 Bh7 49. c7 Be4 50. Ba5 Bd3 51. Kc6 1-0